000 01346nam a2200277Ia 4500
999 _c53807
_d53807
001 20858
003 GE_BSU
005 20250324132305.0
008 181216s ||||ge |||||||||||||| ||geo||
020 _a9789941456160
040 _cGE_BSU
041 _ageo
080 _a631.95(075.8) ლ-85
100 _aლორთქიფანიძე, როზა
_92506
245 _aაგროეკოლოგიური მონიტორინგი :
_bსახელმძღვანელო /
_cროზა ლორთქიფანიძე, მაია ხელაძე; რედ. ტრისტან ჯობავა.
264 _aქუთაისი :
_bაკაკი წერეთლის სახელმწ. უნ-ტის გამ-ბა,
_c2015.
300 _a279 გვ. ;
_c20 სმ.
500 _aტერმინთა განმარტ. გვ. : 270-274
504 _aბიბლიოგრაფ. გვ. : 275-278
541 _h29ლ.
653 _aაგროეკოლოგიური მონიტორინგი
653 _aსოფლის მეურნეობა
700 _aხელაძე, მაია
_eავტორი
_911836
700 _aჯობავა, ტრისტან
_eრედაქტორი
_911837
942 _cBK
_2udc